000 004880000a22001690004500
003 MACL
005 20160207120703.0
008 160207b xxu||||| |||| 00| 0 eng d
040 _aMACL
_cmacl
041 _aHindi
082 _a294
100 _aब्रहम्‍चारी श्री प्रभुदत्‍त
_937257
245 _aभागवत दर्शन
260 _bसंकीर्तन भवन
650 _aReligion
_937258
942 _cHIN
_k294
_2ddc
999 _c26302
_d26302